The weaving and folk art of Chiapas, Mexico (Record no. 10186)
[ view plain ]
| 000 -CABECERA | |
|---|---|
| campo de control de longitud fija | 01224nam a2200277 a 4500 |
| 001 - NÚMERO DE CONTROL | |
| campo de control | BRL_1375 |
| 005 - FECHA Y HORA DE LA ÚLTIMA TRANSACCIÓN | |
| campo de control | 20190320211154.0 |
| 008 - DATOS DE LONGITUD FIJA--INFORMACIÓN GENERAL | |
| campo de control de longitud fija | 090114s1979----u--ao#####---#000-0#eng-# |
| 041 ## - CÓDIGO DE LENGUA | |
| Código de lengua del texto/banda sonora o título independiente | eng |
| 044 ## - CÓDIGO DEL PAÍS DE LA ENTIDAD EDITORA/PRODUCTORA | |
| Código MARC del país | u |
| 050 #4 - SIGNATURA TOPOGRÁFICA DE LA BIBLIOTECA DEL CONGRESO | |
| Número de clasificación | NK845 |
| Número de documento/Ítem | .M67 1979 |
| 100 1# - ENTRADA PRINCIPAL--NOMBRE DE PERSONA | |
| Nombre de persona | Morris, Walter F. |
| 9 (RLIN) | 26680 |
| 245 10 - MENCIÓN DE TÍTULO | |
| Título | The weaving and folk art of Chiapas, Mexico |
| Resto del título | a catalogue of The Pellizzi Collection of Chiapas weaving, The Pomar Collection of Chiapas brocaded samplers, The Morris Collection of Chiapas huipiles and brocaded samplers |
| Mención de responsabilidad, etc. | Collected and catalogued by Walter F. Morris, Jr., May, 1977 ; photography Peter Ebner. |
| 260 ## - PUBLICACIÓN, DISTRIBUCIÓN, ETC. | |
| Lugar de publicación, distribución, etc. | [Estados Unidos] |
| Nombre del editor, distribuidor, etc. | [s.n.] |
| Fecha de publicación, distribución, etc. | [1979] |
| 300 ## - DESCRIPCIÓN FÍSICA | |
| Extensión | 2 v. |
| Otras características físicas | il., fotografías (blanco y negro) |
| Dimensiones | 28 cm. |
| 500 ## - NOTA GENERAL | |
| Nota general | v.1 Au1645, v.2 Au1644 |
| 500 ## - NOTA GENERAL | |
| Nota general | Incluye dedicatoria a Ruth Lechuga en el v.1 |
| 500 ## - NOTA GENERAL | |
| Nota general | Título de la cubierta: ´A catalog of Textiles and folkart of Chiapas, México´ |
| 504 ## - NOTA DE BIBLIOGRAFÍA, ETC. | |
| Nota de bibliografía, etc. | Bibliografía : p. 388-394 |
| 505 0# - NOTA DE CONTENIDO CON FORMATO | |
| Nota de contenido con formato | v.1 Abasolo to Saltillo.- v.2 San Andres to Zinacantan. |
| 650 14 - PUNTO DE ACCESO ADICIONAL DE MATERIA--TÉRMINO DE MATERIA | |
| Término de materia o nombre geográfico como elemento de entrada | Arte popular |
| Subdivisión de forma | Catálogos |
| Subdivisión geográfica | Chiapas |
| 9 (RLIN) | 26681 |
| 650 14 - PUNTO DE ACCESO ADICIONAL DE MATERIA--TÉRMINO DE MATERIA | |
| Término de materia o nombre geográfico como elemento de entrada | Industría textil |
| Subdivisión de forma | Catálogos |
| Subdivisión geográfica | Chiapas |
| 9 (RLIN) | 26682 |
| 700 1# - PUNTO DE ACCESO ADICIONAL--NOMBRE DE PERSONA | |
| Nombre de persona | Ebner, Peter |
| Término indicativo de función/relación | il. |
| 9 (RLIN) | 26683 |
| 902 ## - CATALOGADOR | |
| Iniciales | GRL |
| 942 ## - ELEMENTOS DE PUNTO DE ACCESO ADICIONAL (KOHA) | |
| Fuente del sistema de clasificación o colocación | Library of Congress Classification |
| Tipo de ítem Koha | Libros |
| Estado de retiro | Estado de pérdida | Estado dañado | No para préstamo | Localización permanente | Ubicación/localización actual | Fecha de adquisición | Total de préstamos | Signatura topográfica completa | Código de barras | Fecha visto por última vez | Precio válido a partir de | Tipo de ítem Koha |
|---|---|---|---|---|---|---|---|---|---|---|---|---|
| El ejemplar forma parte de la colección y puede ser consultado según las políticas vigentes. | Biblioteca Centro de Estudios Ruth D. Lechuga | Biblioteca Centro de Estudios Ruth D. Lechuga | 09/01/2014 | NK845 .M67 1979 | GRL01532 | 22/03/2019 | 22/03/2019 | Libros | ||||
| El ejemplar forma parte de la colección y puede ser consultado según las políticas vigentes. | Biblioteca Centro de Estudios Ruth D. Lechuga | Biblioteca Centro de Estudios Ruth D. Lechuga | 01/12/2015 | NK845 .M67 1979 | GRL01533 | 22/03/2019 | 22/03/2019 | Libros |